| 000 | 00518nam a22001937a 4500 | ||
|---|---|---|---|
| 999 |
_c11669 _d11669 |
||
| 003 | OSt | ||
| 008 | 230106b ||||| |||| 00| 0 eng d | ||
| 020 | _a9789332536623 | ||
| 082 | _a620.00688 MOM | ||
| 100 | _aMOHR,Jakki J | ||
| 245 | _aMarketing of High Technology Products and Innovations | ||
| 250 | _a3rd Ed | ||
| 260 |
_aUP _bPearson _c2015 |
||
| 300 | _a542 | ||
| 650 | _aMarketing of High Technology Products and Innovations | ||
| 700 | _aSENGUPTA,Sanjit | ||
| 700 | _aSLATER,Stanley | ||
| 942 |
_2ddc _cREF |
||